书目信息 |
| 题名: |
卢梭的社会政治哲学
|
|
| 作者: | Бернадинер , 别尔纳狄涅尔 著 ;焦树安 , 车铭洲 译 | |
| 分册: | ||
| 出版信息: | 北京 中国社会科学出版社 1981 |
|
| 页数: | 185页 | |
| 开本: | 19cm | |
| 丛书名: | ||
| 单 册: | ||
| 中图分类: | B565.26 | |
| 科图分类: | ||
| 主题词: | 政治哲学-卢梭,J.J. | |
| 电子资源: | ||
| ISBN: | ||
| 000 | 01090nam0 2200301 45 | |
| 001 | 0181004543 | |
| 005 | 20060812173557.21 | |
| 010 | @dCNY0.57 | |
| 091 | @aCN@b2190.024 | |
| 100 | @a19950620d1981 em y0chiy0121 ea | |
| 101 | 1 | @achi@crus |
| 102 | @aCN@b110000 | |
| 105 | @ay z 000yy | |
| 200 | 10 | @a卢梭的社会政治哲学@Alu suo de she hui zheng zhi zhe xue@f(苏)别尔纳狄涅尔(Б.М.Бернадинер)著@g焦树安, 车铭洲译 |
| 210 | @a北京@c中国社会科学出版社@d1981 | |
| 215 | @a185页@d19cm | |
| 300 | @a书名原文:Социально политическая философия Жанжака Руссо | |
| 510 | 1 | @aСоциально политическая философия Жанжака Руссо@zrus |
| 600 | 1 | @a卢梭@bJ.J.@x政治哲学 |
| 606 | @a政治哲学-卢梭,J.J. | |
| 690 | @aB565.26@v3 | |
| 701 | A1 | @aБернадинер@bБ.М.@4著 |
| 701 | 1 | @a别尔纳狄涅尔@Abie er na di nie er@bБ.М.@4著 |
| 702 | 0 | @a焦树安@Ajiao shu an@4译 |
| 702 | 0 | @a车铭洲@Ache ming zhou@4译 |
| 801 | 2 | @aCN@bNLC@c20060812 |
| 801 | 0 | @aCN@bTSSF |
| 905 | @a10447@dB565.26@e38 | |
| 卢梭的社会政治哲学/(苏)别尔纳狄涅尔(Б.М.Бернадинер)著/焦树安, 车铭洲译.-北京:中国社会科学出版社,1981 |
| 185页;19cm |
| 书名原文:Социально политическая философия Жанжака Руссо |
| ISBN :CNY0.57 |
| ● |
| 相关链接 |
|
|
|
|
正题名:卢梭的社会政治哲学
索取号:B565.26/38
 
预约/预借
| 序号 | 登录号 | 条形码 | 馆藏地/架位号 | 状态 | 备注 |
| 1 | 0459023 | 204590237 | 密集书库/ [索取号:B565.26/38] | 在馆 |